Score 0/44 Timer 07:00
0 Plays Today
Year Movie % Correct
2002Spider-Man
93%
2004Spider-Man 2
90.9%
2007Spider-Man 3
89.5%
2008Pineapple Express
79.6%
2010127 Hours
71.5%
2012Spring Breakers
53.1%
2013Oz the Great and Powerful
45.7%
2008Milk
45%
2011Your Highness
40.4%
2011Rise of the Planet of the Apes
32.1%
2006Flyboys
32%
2010Howl
29.1%
2006Annapolis
28.5%
2006Tristan + Isolde
27.5%
2010Date Night
26.9%
1999Never Been Kissed
25.1%
2013Lovelace
24.3%
2002City By The Sea
21.2%
2000Whatever It Takes
20%
2010Eat Pray Love
19.6%
2002Sonny
17.1%
2012The Iceman
12.5%
Year Movie % Correct
2005The Ape
12.1%
2008Camille
12%
2002Deuces Wild
11.8%
2005The Great Raid
11.5%
2011The Broken Tower
10.5%
2007In The Valley Of Elah
9.9%
2012Tar
9.8%
2003The Company
9.8%
2013Interior. Leather Bar.
9.6%
2006The Dead Girl
9.4%
2012About Cherry
9.1%
2007An American Crime
8.8%
2007Good Time Max
8.7%
2012The Letter
8.4%
2011Sal
8.2%
2010Shadows and Lies
7.2%
2005Fool's Gold
6.8%
2000If Tomorrow Comes
6.6%
2012Maladies
6.2%
2002Mother Ghost
4.9%
2007Finishing The Game: The Search For The New Bruce Lee
4.9%
2002Blind Spot
4.8%

You're not logged in!

Compare scores with friends on all Sporcle quizzes.
OR
Log In

From the Vault

Tim Burton Movies

by Derek

We loved that one creepy Tim Burton movie that starred Johnny Depp and Helena Bonham Carter.
Remove Ads.
Support Sporcle.
Get the best of Sporcle when you Go Orange. This ad-free experience offers more features, more stats, and more fun while also helping to support Sporcle. Thank you for becoming a member.

Show Comments

Extras

Top Quizzes Today


Score Distribution

Your Account Isn't Verified!

In order to create a playlist on Sporcle, you need to verify the email address you used during registration. Go to your Sporcle Settings to finish the process.

Report this User

Report this user for behavior that violates our Community Guidelines.

Details: